000 10570cam a2202113 a 4500
999 _c53676
001 12339992
003 LIBRIS
005 20201013124903.0
008 111029s2012 sw |||||||||||000 0cswe|c
020 _a9789146221524
_qinb.
035 _a(Bo)487890
040 _aLGEN
_dL
_dS
_ea
041 _aswe
082 0 4 _a839.7374
_223/swe
083 0 _a362.19683
_223/swe
100 1 _aGurt, Stefan,
_d1955-
_0https://libris.kb.se/qn2467883bvsrvs#it
245 1 0 _aSå dödar vi en människa /
_cStefan Gurt.
264 1 _aStockholm :
_bWahlström & Widstrand,
_c2012
264 3 _aFalun :
_bScandbook
300 _a223 s.
_c22 cm
340 _b22 cm
500 _a2. tr., 2012
500 _5Bo
_aAnnan upplaga kan finnas vid biblioteket
500 _5Li
_aPliktex.
600 1 4 _aGurt, Stefan,
_d1955-
_0https://libris.kb.se/qn2467883bvsrvs#it
650 7 _aSvenska författare
_y1900-talet
_y2000-talet
_2sao
650 7 _aÄldreomsorg
_zSverige
_2sao
650 7 _aDemenssjuka
_zSverige
_2sao
650 1 _aHomes for the Aged
650 2 _aGeriatric Nursing
650 2 _aAged
650 2 _aDementia
650 2 _aDeath
653 _aSverige
653 _aDemensvård
653 _aÄldreomsorg
653 _aBiografier
653 _aGurt, Stefan
653 _aAnhöriga
653 _aNärstående
655 7 _aBiografi
_0https://id.kb.se/term/saogf/Biografi
_2saogf
655 2 _aAutobiography
698 _a20120321
887 _a{"@id":"q823z35238nhsw2","modified":"2019-06-12T17:40:08.231+02:00","checksum":"95191684554"}
_2librisxl
887 _a{"@id":"bgnbgqzh2bnvpqf","modified":"2014-08-25T11:22:52+02:00","checksum":"60977511569"}
_2librisxl
887 _a{"@id":"mr0wn4ks06rr9bj","modified":"2016-01-25T12:39:24+01:00","checksum":"63269909537"}
_2librisxl
887 _a{"@id":"7ck6nfcd3shmm5r","modified":"2014-04-01T11:57:47+02:00","checksum":"53690181881"}
_2librisxl
887 _a{"@id":"chp27bdj09s5b9h","modified":"2012-03-13T15:56:55+01:00","checksum":"58195533682"}
_2librisxl
887 _a{"@id":"chp3c6sj095bk9x","modified":"2016-06-20T09:59:44+02:00","checksum":"46212208357"}
_2librisxl
887 _a{"@id":"hmt6hk2n0b5678c","modified":"2015-11-23T10:02:01+01:00","checksum":"39777760159"}
_2librisxl
887 _a{"@id":"8dl08qlf0d62dc8","modified":"2012-05-11T13:02:03+02:00","checksum":"48561310537"}
_2librisxl
887 _a{"@id":"kpw8qtsq5sf4hc8","modified":"2012-04-17T12:06:32+02:00","checksum":"102518475371"}
_2librisxl
887 _a{"@id":"qv2gc50w5rs60kw","modified":"2017-02-06T18:27:29+01:00","checksum":"53931920718"}
_2librisxl
887 _a{"@id":"hmt7r84n1n6pxw1","modified":"2012-04-03T10:08:01+02:00","checksum":"61986085760"}
_2librisxl
887 _a{"@id":"59h1ch9b1tjcdcq","modified":"2013-07-25T13:03:53+02:00","checksum":"56759575265"}
_2librisxl
887 _a{"@id":"qv3czqkw21gfhlc","modified":"2017-06-30T15:07:43+02:00","checksum":"41600606055"}
_2librisxl
887 _a{"@id":"sx4jf69z34tb6jc","modified":"2012-04-19T10:24:35+02:00","checksum":"52095350361"}
_2librisxl
887 _a{"@id":"kpwb14zq3bbx1l0","modified":"2012-08-15T09:13:02+02:00","checksum":"38317277222"}
_2librisxl
887 _a{"@id":"8dlzjbmf4k0pjnx","modified":"2016-03-07T10:17:51+01:00","checksum":"49030287029"}
_2librisxl
887 _a{"@id":"59hv7r5b0jw2n62","modified":"2012-03-26T10:48:03+02:00","checksum":"60060277599"}
_2librisxl
887 _a{"@id":"7ckzdfvd1cpkqhs","modified":"2012-03-29T11:45:47+02:00","checksum":"49280026545"}
_2librisxl
887 _a{"@id":"ns116v9t0ggcqfb","modified":"2016-05-09T15:05:21+02:00","checksum":"60765840634"}
_2librisxl
887 _a{"@id":"x28ms7t339452wc","modified":"2012-03-12T15:06:01+01:00","checksum":"51409082775"}
_2librisxl
887 _a{"@id":"6bjxsr5c17x47bf","modified":"2015-11-13T13:48:56+01:00","checksum":"42726804122"}
_2librisxl
887 _a{"@id":"pt1ft0hv2pscx5q","modified":"2012-05-31T15:35:06+02:00","checksum":"41292259945"}
_2librisxl
887 _a{"@id":"04bt8jr53940684","modified":"2013-03-12T11:20:46+01:00","checksum":"44176731952"}
_2librisxl
887 _a{"@id":"7ckx4kzd4wf4crs","modified":"2013-01-04T16:23:18+01:00","checksum":"43967964758"}
_2librisxl
887 _a{"@id":"mr0sb8ks30m5kgr","modified":"2015-06-22T10:47:29+02:00","checksum":"57562967418"}
_2librisxl
887 _a{"@id":"ns0fthkt2jdrf6z","modified":"2012-06-14T16:18:50+02:00","checksum":"52270967772"}
_2librisxl
887 _a{"@id":"tz5kg5r036lczfg","modified":"2018-01-04T17:29:32+01:00","checksum":"48287247764"}
_2librisxl
887 _a{"@id":"djq4895k2qvskj9","modified":"2016-12-15T15:29:29+01:00","checksum":"42330741838"}
_2librisxl
887 _a{"@id":"26dtbrw74zc2b6j","modified":"2016-10-17T10:30:28+02:00","checksum":"55456732524"}
_2librisxl
887 _a{"@id":"6bjwz8dc01l6nhh","modified":"2012-03-19T17:05:51+01:00","checksum":"104260743282"}
_2librisxl
887 _a{"@id":"48gt13t93jc6510","modified":"2013-01-18T12:08:54+01:00","checksum":"43414960746"}
_2librisxl
887 _a{"@id":"w17lm70252gt6rb","modified":"2012-03-06T15:40:38+01:00","checksum":"105227559479"}
_2librisxl
887 _a{"@id":"pt1dp6qv5cxll73","modified":"2019-11-19T08:38:30.443+01:00","checksum":"44498033395"}
_2librisxl
887 _a{"@id":"tz5kg8k0286pn5s","modified":"2012-04-19T16:05:37+02:00","checksum":"56196217048"}
_2librisxl
887 _a{"@id":"37fs3lw81pk7xcd","modified":"2012-03-21T10:08:03+01:00","checksum":"58881989832"}
_2librisxl
887 _a{"@id":"w17mfbg230hx4z4","modified":"2013-05-23T16:35:42+02:00","checksum":"67912409499"}
_2librisxl
887 _a{"@id":"x28m2gc34xpj0bl","modified":"2012-03-27T15:21:15+02:00","checksum":"45968214889"}
_2librisxl
887 _a{"@id":"37fr71m83gxj4xb","modified":"2012-01-09T14:28:50+01:00","checksum":"56050470546"}
_2librisxl
887 _a{"@id":"26dspdv735sqgfx","modified":"2012-04-18T13:43:15+02:00","checksum":"43660812776"}
_2librisxl
887 _a{"@id":"8dlz171f09pct3r","modified":"2012-03-08T17:03:51+01:00","checksum":"102454835923"}
_2librisxl
887 _a{"@id":"6bjxd4wc29s581p","modified":"2013-07-31T10:46:40+02:00","checksum":"64105180920"}
_2librisxl
887 _a{"@id":"w17mhh923dqvbpw","modified":"2012-04-12T16:00:45+02:00","checksum":"42145120137"}
_2librisxl
942 _2z
_cBOOK